Cinema dell'ingegno (Il)-Narrazione, immagine, tecnologia (Record n. 93213)
[ formato base ]
| 000 -LEADER | |
|---|---|
| fixed length control field | 01742nam a2200289Ia 4500 |
| 001 - CONTROL NUMBER | |
| control field | 94606 |
| 003 - CONTROL NUMBER IDENTIFIER | |
| control field | IT-RoPAU |
| 008 - FIXED-LENGTH DATA ELEMENTS--GENERAL INFORMATION | |
| fixed length control field | 130308s9999 xx 000 0 und d |
| 040 ## - CATALOGING SOURCE | |
| Original cataloging agency | IT-RoPAU |
| 040 ## - CATALOGING SOURCE | |
| Transcribing agency | IT-RoPAU |
| 041 ## - LANGUAGE CODE | |
| Language code of text/sound track or separate title | ITALIANO |
| 100 ## - MAIN ENTRY--PERSONAL NAME | |
| Personal name | Pasculli Ettore |
| 100 ## - MAIN ENTRY--PERSONAL NAME | |
| Miscellaneous information | Codice Aut. SPICS: 33095 |
| 245 ## - TITLE STATEMENT | |
| Title | Cinema dell'ingegno (Il)-Narrazione, immagine, tecnologia |
| 245 ## - TITLE STATEMENT | |
| Remainder of title | Cinema dell'ingegno (Il)-Narrazione, Immagine, Tecnologia |
| 250 ## - EDITION STATEMENT | |
| Edition statement | 1a ed. |
| 260 ## - PUBLICATION, DISTRIBUTION, ETC. (IMPRINT) | |
| Place of publication, distribution, etc. | MILANO |
| 260 ## - PUBLICATION, DISTRIBUTION, ETC. (IMPRINT) | |
| Name of publisher, distributor, etc. | Mazzotta |
| 260 ## - PUBLICATION, DISTRIBUTION, ETC. (IMPRINT) | |
| Date of publication, distribution, etc. | 1990 [1° Ed.:1990 - Ed.Ling.Originale:1990] |
| 300 ## - PHYSICAL DESCRIPTION | |
| Extent | "292 p. (prefazione: no ; testo: 292 [pagine: 0-0])" |
| 500 ## - GENERAL NOTE | |
| General note | Arte dell'illusione Tecnica ed Effetti Speciali dal Cinematographe Lumiere Agli Anni sessanta Specchio magico e Obiettivo cinepresa colore pellicola Suono Arte dell'innovazione Effetti Speciali Elaborazioni con Processi Ottici da 2001 Odissea Nello Spazio a Guerre Stellari vari Esempi Effetti Speciali Special Makeup e Creature Live Action e cartoons Arte della Simulazionepremessa Storica Sul Rapporto tra Cinema e immagine Elettronica Cinema Elettronico e Alta Definizione Postproduzione Elettronica e manipolazione dell'Immagine Alta Definizione del Cinema Grandi schermi e Nuovi formati Cinema Tridimensionale e Olografia Computer Graphic e immagini di sintesi Percorso dell'innovazione Glossario degli Effetti Speciali e delle tecnologie Avanzate di ripresa Maestri degli Fx e Società per la Produzione di Effetti Speciali Filmografia dei Film che Hanno Utilizzato Effetti Speciali e nuove tecnologie dal 1968 al 1989 Bibliografia Selezionata |
| 650 ## - SUBJECT ADDED ENTRY--TOPICAL TERM | |
| Topical term or geographic name as entry element | STORIA DEL CINEMA |
| 650 ## - SUBJECT ADDED ENTRY--TOPICAL TERM | |
| Relator term | Codice materia Spics: 6808 |
| 942 ## - ADDED ENTRY ELEMENTS (KOHA) | |
| Koha item type | LIBRO |
| 957 ## - | |
| -- | 1 |
| 999 ## - SYSTEM CONTROL NUMBERS (KOHA) | |
| -- | 1 |
| Withdrawn status | Lost status | Damaged status | Not for loan | Home library | Current library | Date acquired | Total Checkouts | Full call number | Date last seen | Price effective from | Koha item type | Public note |
|---|---|---|---|---|---|---|---|---|---|---|---|---|
| Buone Condizioni | Not For Loan | SPICS-MEDIATECA | SPICS-MEDIATECA | 08/03/2013 | 94606 | 08/03/2013 | 08/03/2013 | LIBRO | Progressivo inserimento: 36774 / N. Volumi: 1 Copie: 1 / data import: 1 marzo 2013 - By Epidotti, Trombetti, Vaglietti. |